书目信息 |
| 题名: |
山河岁月
|
|
| 作者: | 胡兰成 著 | |
| 分册: | ||
| 出版信息: | 北京 中国长安出版社 2012 |
|
| 页数: | 274页 | |
| 开本: | 20cm | |
| 丛书名: | ||
| 单 册: | ||
| 中图分类: | K103-53 | |
| 科图分类: | ||
| 主题词: | 世界史:通史 | |
| 电子资源: | ||
| ISBN: | 978-7-5107-0550-2 | |
| 000 | 00536nam0 2200181 450 | |
| 001 | 2657095344 | |
| 005 | 20260414155222.23 | |
| 010 | @a978-7-5107-0550-2@dCNY32.00 | |
| 100 | @a20181207d km y0chiy0120 ea | |
| 101 | 0 | @achi |
| 200 | 1 | @a山河岁月@Ashan he sui yue@f胡兰成著@Fhu lan cheng zhu |
| 210 | @a北京@c中国长安出版社@d2012 | |
| 215 | @a274页@d20cm | |
| 606 | 0 | @a世界史:通史 |
| 690 | @aK103-53@v4 | |
| 701 | 0 | @a胡兰成@Ahu lan cheng@4著 |
| 801 | 0 | @aCN@b大连网信软件有限公司图书馆·11@c20260414 |
| 905 | @b7905011@dK103-53@e413@f1 | |
| 山河岁月/胡兰成著.-北京:中国长安出版社,2012 |
| 274页;20cm |
| ISBN 978-7-5107-0550-2:CNY32.00 |
| ● |
| 相关链接 |
|
|
|
|
正题名:山河岁月
索取号:K103-53/413
 
预约/预借
| 序号 | 登录号 | 条形码 | 馆藏地/架位号 | 状态 | 备注 |
| 1 | 1442614 | 214426147 | 第二样本阅览室/ [索取号:K103-53/413] | 在馆 |